Eusebio (Record no. 29398)
[ view plain ]
| 000 -LEADER | |
|---|---|
| campo de control de longitud fija | 01857mm a2200385a 44500 |
| 001 - NÚMERO DE CONTROL | |
| campo de control | NM030091 |
| 003 - IDENTIFICADOR DE NÚMERO DE CONTROL | |
| campo de control | RG CODE MARC |
| 008 - DATOS DE LONGITUD FIJA--INFORMACIÓN GENERAL | |
| campo de control de longitud fija | 05020s1999 ||||||||||||||000 | spa|| |
| 005 - FECHA Y HORA DE LA ÚLTIMA TRANSACCIÓN | |
| campo de control | 20251028183341.0 |
| 020 ## - NÚMERO INTERNACIONAL ESTÁNDAR DEL LIBRO | |
| Número Internacional Estándar del Libro | 0-8254-1221-8 |
| 040 ## - FUENTE DE CATALOGACIÓN | |
| Centro catalogador/agencia de origen | ORG CODE MARC |
| 100 ## - ENTRADA PRINCIPAL--NOMBRE DE PERSONA | |
| Nombre de persona | Maier, Paul L. |
| Fechas asociadas al nombre | 1930-2025 |
| 9 (RLIN) | 40941 |
| 245 ## - MENCIÓN DEL TÍTULO | |
| Título | Eusebio |
| Resto del título | historia de la iglesia |
| Mención de responsabilidad, etc. | Paul L. Maier |
| 250 ## - MENCION DE EDICION | |
| Mención de edición | Nueva ed. |
| 260 ## - PUBLICACIÓN, DISTRIBUCIÓN, ETC. | |
| Lugar de publicación, distribución, etc. | Grand Rapids, Mich. |
| Nombre del editor, distribuidor, etc. | Portavoz |
| 300 ## - DESCRIPCIÓN FÍSICA | |
| Extensión | 410 p. |
| Otras características físicas | il. col., fot., gráf., mapas ; 24 cm. |
| 500 ## - NOTA GENERAL | |
| Nota general | Título original: Eusebius: The Church History |
| 500 ## - NOTA GENERAL | |
| Nota general | Traducido por: Santiago Escuain |
| 500 ## - NOTA GENERAL | |
| Nota general | Donación de Pablo Vernola, 2025 |
| 500 ## - NOTA GENERAL | |
| Nota general | Ed. original en inglés: Kregel Publications |
| 500 ## - NOTA GENERAL | |
| Nota general | Incluye índices analíticos al final del volumen |
| 505 ## - NOTA DE CONTENIDO CON FORMATO | |
| Título | Libro 1. La persona y la obra de Cristo. Comentario: Eusebio sobre Jesús |
| 505 ## - NOTA DE CONTENIDO CON FORMATO | |
| Título | Libro 2. Los apóstoles. Comentario: Eusebio acerca de los apóstoles |
| 505 ## - NOTA DE CONTENIDO CON FORMATO | |
| Título | Libro 3. Misiones y persecuciones. Comentario: Las fuentes de Eusebio |
| 505 ## - NOTA DE CONTENIDO CON FORMATO | |
| Título | Libro 4. Obispos, escritos y martirios. Comentario: Defensores y calumniadores de la fe |
| 505 ## - NOTA DE CONTENIDO CON FORMATO | |
| Título | Libro 5. Héroes occidentales, herejes orientales. Comentario: Luchas y argumentos cristianos |
| 505 ## - NOTA DE CONTENIDO CON FORMATO | |
| Título | Libro 6. Orígenes y las atrocidades en Alejandría. Comentario: Los horizontes de Eusebio |
| 505 ## - NOTA DE CONTENIDO CON FORMATO | |
| Título | Libro 7. Dionisio y la disidencia. Comentario: Dionisio de Alejandría |
| 505 ## - NOTA DE CONTENIDO CON FORMATO | |
| Título | Libro 8. La gran persecución. Comentario: Los cuatro emperadores |
| 505 ## - NOTA DE CONTENIDO CON FORMATO | |
| Título | Libro 9. La gran liberación. Comentario: ¿El fin de la persecución? |
| 505 ## - NOTA DE CONTENIDO CON FORMATO | |
| Título | Libro 10. Constantino y la paz. Comentario: Eusebio y Constantino |
| 505 ## - NOTA DE CONTENIDO CON FORMATO | |
| Título | Apéndice 1: La cita de Eusebio de Josefo sobre Jesús |
| 505 ## - NOTA DE CONTENIDO CON FORMATO | |
| Título | Apéndice 2: Las sucesiones de emperadores y obispos |
| 942 ## - ELEMENTOS DE ENTRADA SECUNDARIOS (KOHA) | |
| Tipo de ítem Koha | Colección General |
| Estatus retirado | Estado de pérdida | Estado de daño | No para préstamo | Biblioteca de origen | Biblioteca actual | Fecha de adquisición | Total de préstamos | Signatura topográfica completa | Código de barras | Visto por última vez | Precio de reemplazo | Tipo de ítem Koha |
|---|---|---|---|---|---|---|---|---|---|---|---|---|
| Biblioteca Pluis | Biblioteca Pluis | 28/10/2025 | 270 M28 | 046886 | 28/10/2025 | 28/10/2025 | Colección General | |||||
| Biblioteca Pluis | Biblioteca Pluis | 28/10/2025 | 270 M28 | 047402 | 28/10/2025 | 28/10/2025 | Colección General |
